Der Shakespeare-Dieb : Roman /

A young orphan boy is ordered by his master to infiltrate Shakespeare's acting troupe in order to steal the script of "Hamlet," but he discovers instead the meaning of friendship and loyalty.

Bibliographic Details
Main Author: Blackwood, Gary L.
Other Authors: Münch, Bettina, 1962-, Günther, Frank
Format: Book
Language:German
Published: München : Deutscher Taschenbuch Verlag, 2008.
Edition:Deutsche Erstausg. in neuer Rechtschreibung, 6. Aufl.
Series:DTV Junior ; 70595
Subjects:

MARC

Tag First Indicator Second Indicator Subfields
LEADER 00000cam a2200000 a 4500
001 in00002422012
005 20151110103011.0
008 090416s2008 gw c 000 f ger c
020 |a 9783423705950 
020 |a 3423705957 
035 |a (OCoLC)ocn318614558 
040 |a TXA  |c TXA  |d UtOrBLW 
042 |a pcc 
043 |a e-uk--- 
049 |a TXAM 
050 4 |a PS3552.L3434  |b S5315 2008 
100 1 |a Blackwood, Gary L. 
240 1 0 |a Shakespeare stealer.  |l German 
245 1 4 |a Der Shakespeare-Dieb :  |b Roman /  |c Gary Blackwood ; aus dem Amerikanischen von Bettina Münch ; mit einem Nachwort von Frank Günther. 
250 |a Deutsche Erstausg. in neuer Rechtschreibung, 6. Aufl. 
264 1 |a München :  |b Deutscher Taschenbuch Verlag,  |c 2008. 
300 |a 286 pages ;  |c 19 cm. 
336 |a text  |b txt  |2 rdacontent 
337 |a unmediated  |b n  |2 rdamedia 
338 |a volume  |b nc  |2 rdacarrier 
490 0 |a DTV Junior ;  |v 70595 
500 |a "Ab 12 [Jahre]"--Spine. 
520 |a A young orphan boy is ordered by his master to infiltrate Shakespeare's acting troupe in order to steal the script of "Hamlet," but he discovers instead the meaning of friendship and loyalty. 
600 1 0 |a Shakespeare, William,  |d 1564-1616  |v Juvenile fiction. 
650 0 |a Theater  |v Juvenile fiction. 
650 0 |a Orphans  |v Juvenile fiction. 
650 0 |a Actors  |v Juvenile fiction. 
651 0 |a Great Britain  |x History  |y Elizabeth, 1558-1603  |v Juvenile fiction. 
700 1 |a Münch, Bettina,  |d 1962- 
700 1 |a Günther, Frank. 
948 |a cataloged  |b h  |c 2009/5/4  |d o  |e jmarner  |f 10:34:03 am 
994 |a C0  |b TXA 
999 |a MARS 
999 f f |s 4027ccc3-cff0-3547-a582-ada2eeedfb11  |i f8539223-e7d3-325c-a982-f056550b8775  |t 0 
952 f f |p normal  |a Texas A&M University  |b College Station  |c Sterling C. Evans Library  |d Evans: Library Stacks  |t 0  |e PS3552.L3434 S5315 2008  |h Library of Congress classification  |i unmediated -- volume  |m A14838783419 
998 f f |a PS3552.L3434 S5315 2008  |t 0  |l Evans: Library Stacks